Oscar Best International Feature Film Quiz - Statistics

General Stats
  • This quiz has been taken 141 times
    65 since last reset
  • The average score is 25 of 76
Answer Stats
Year Movie Country % Correct
2023 {All} {Quiet} on the Western Front Germany
87%
2020 {Parasite} South Korea
85%
2022 {Drive} My Car Japan
78%
2024 The Zone of {Interest} United Kingdom
78%
1999 Life Is {Beautiful} Italy
67%
2001 {Crouching} {Tiger}, Hidden Dragon Taiwan
63%
2019 {Roma} Mexico
63%
1964 {8}½ Italy
62%
2021 Another {Round} Denmark
62%
1969 War and {Peace} Soviet Union
58%
1984 {Fanny} and Alexander Sweden
57%
1900 Cinema {Paradiso} Italy
55%
1965 {Yesterday}, Today and Tomorrow Italy
55%
2011 In a Better {World} Denmark
48%
2012 A {Separation} Iran
47%
2016 Son of {Saul} Hungary
47%
2007 The {Lives} of Others Germany
43%
2000 All About {My} {Mother} Spain
42%
1967 A Man and a {Woman} France
38%
1950 {Bicycle} Thieves Italy
38%
1993 {Indo}chine France
38%
1958 Nights of {Cabiria} Italy
38%
2018 A {Fantastic} Woman Chile
37%
1994 {Belle} Epoque Spain
37%
1960 {Black} Orpheus France
37%
2010 The {Secret} in Their Eyes Argentina
37%
1973 The {Discreet} Charm of the Bourgeoisie France
35%
1980 The Tin {Drum} West Germany
35%
1970 {Z} Algeria
35%
1976 Dersu {Uzala} Soviet Union
33%
2015 {Ida} Poland
33%
2014 The Great {Beauty} Italy
33%
1962 Through a {Glass} Darkly Sweden
32%
1988 Babette's {Feast} Denmark
30%
1974 Day for {Night} France
30%
1952 {Rashomon} Japan
30%
2002 No {Man}'{s} {Land} Bosnia and Herzegovina
28%
2004 The {Barbarian} Invasions Canada
28%
2005 The Sea {Inside} Spain
28%
1961 The {Virgin} Spring Sweden
28%
1957 La {Strada} Italy
27%
1955 Gate of {Hell} Japan
25%
1971 Investigation of a {Citizen} Above Suspicion Italy
25%
1989 {Pelle} the Conqueror Denmark
25%
2013 {Amour} Austria
23%
1986 The {Official} Story Argentina
23%
2017 The {Salesman} Iran
23%
1972 The {Garden} of the Finzi Continis Italy
22%
1968 Closely Watched {Train}s Czechoslovakia
20%
1982 {Mephisto} Hungary
20%
1981 {Moscow} Does Not Believe in Tears Soviet Union
20%
2003 Nowhere in {Africa} Germany
20%
1948 {Shoe}-Shine Italy
20%
1966 The Shop on {Main} {Street} Czechoslovakia
20%
2006 {Tsotsi} South Africa
20%
1975 {Amarcord} Italy
18%
1996 {Antonia}'s Line Netherlands
18%
1956 {Samurai}, The Legend of Musashi Japan
18%
1995 {Burnt} by the Sun Russia
17%
2009 {Departure}s Japan
17%
1953 {Forbidden} Games France
17%
1959 My {Uncle} France
15%
1951 The {Wall}s of Malapaga France - Italy
15%
1983 To {Begin} Again Spain
15%
1979 Get Out Your {Handkerchief}s France
13%
1991 Journey of {Hope} Switzerland
13%
1997 {Kolya} Czech Republic
13%
1978 Madame {Rosa} France
13%
1992 {Mediterraneo} Italy
13%
1963 {Sunday}s and Cybele France
13%
1998 {Character} Netherlands
12%
1985 {Dangerous} Moves Switzerland
12%
1949 Monsieur {Vincent} France
12%
1987 The {Assault} Netherlands
12%
1977 Black and White {Color} Ivory Coast
10%
2008 The {Counterfeiter}s Austria
10%
No matching quizzes found
Score Distribution
Percent of People with Each Score
Percentile by Number Answered
Your Score History
You have not taken this quiz since the last reset